| 000 | 00550 a2200181 4500 | ||
|---|---|---|---|
| 999 |
_c364 _d364 |
||
| 008 | 220928b ||||| |||| 00| 0 eng d | ||
| 020 | _a9781482227444 | ||
| 082 | 0 | 0 |
_a621.56 _bB2771 |
| 100 | _aBarron, Randall F. | ||
| 245 |
_aCryogenic heat transfer / _cby Randall F. Barron and Gregory F. Nellis |
||
| 250 | _a2nd ed. | ||
| 260 |
_bCRC Press, _aNew York: _c2016. |
||
| 300 | _axxi; 682 p. | ||
| 490 | 0 | _aSeries in Chemical and Mechanical Engineering | |
| 650 | 0 | _aCryogenic Heat Transfer | |
| 700 |
_95248 _aNellis, Gregory F. |
||
| 942 |
_2ddc _cBK |
||